LAW RELATING TO INTELLECTUAL PROPERTY RIGHTS (Record no. 224089)

MARC details
000 -LEADER
fixed length control field 00292 a2200121 4500
005 - DATE AND TIME OF LATEST TRANSACTION
control field 20260316142235.0
020 ## - INTERNATIONAL STANDARD BOOK NUMBER
International Standard Book Number 9788119415601
100 ## - MAIN ENTRY--PERSONAL NAME
Personal name BHANDARI, M.K.
245 ## - TITLE STATEMENT
Title LAW RELATING TO INTELLECTUAL PROPERTY RIGHTS
250 ## - EDITION STATEMENT
Edition statement 7th
260 ## - PUBLICATION, DISTRIBUTION, ETC.
Name of publisher, distributor, etc. CENTRAL LAW, PRAYAGRAJ
Date of publication, distribution, etc. 2024
942 ## - ADDED ENTRY ELEMENTS (KOHA)
Koha item type Book
Holdings
Withdrawn status Lost status Source of classification or shelving scheme Damaged status Not for loan Home library Current library Shelving location Date acquired Total Checkouts Barcode Date last seen Price effective from Koha item type
    Dewey Decimal Classification     Mewar University Central Library Mewar University Central Library Law 20/03/2026   L7896 20/03/2026 20/03/2026 Book
    Dewey Decimal Classification     Mewar University Central Library Mewar University Central Library Law 20/03/2026   L7897 20/03/2026 20/03/2026 Book
    Dewey Decimal Classification     Mewar University Central Library Mewar University Central Library Law 20/03/2026   L7898 20/03/2026 20/03/2026 Book
    Dewey Decimal Classification     Mewar University Central Library Mewar University Central Library Law 20/03/2026   L7899 20/03/2026 20/03/2026 Book
    Dewey Decimal Classification     Mewar University Central Library Mewar University Central Library Law 20/03/2026   L7900 20/03/2026 20/03/2026 Book